Sports Quiz

Random Sports Quiz

Highest Batting Average in a season Quiz Stats

Quiz not verified by Sporcle

Challenge
Share
Tweet
Embed
Score 0/15 Timer 05:00
0 Plays Today
Hint Answer % Correct
.419Ty Cobb
97.5%
.405Ted Williams
82.5%
.423Rogers Hornsby
72.5%
.426Nap Lajoie
65%
.419George Sisler
45%
.423Willie Keeler
30%
.439Hugh Duffy
22.5%
.408Shoeless Joe Jackson
12.5%
Hint Answer % Correct
.403Billy Hamilton
12.5%
.435Tip O'neill
5%
.414Sam Thompson
5%
.428Ross Barnes
2.5%
.412Fred Dunlap
2.5%
.417Tuck Turner
0%
.409Jesse Burkett
0%

You're not logged in!

Compare scores with friends on all Sporcle quizzes.
Join for Free
OR
Log In

You Might Also Like...

Show Comments

Extras

Created Dec 16, 2013ReportNominate
Tags:average, batting, highest, season

Top Quizzes Today


Score Distribution

Your Account Isn't Verified!

In order to create a playlist on Sporcle, you need to verify the email address you used during registration. Go to your Sporcle Settings to finish the process.

Report this User

Report this user for behavior that violates our Community Guidelines.

Details: